Pictionary [juego] : el juego en el que todos dibujan /
Guardado en:
| Formato: | Objeto Físico |
|---|---|
| Publicado: |
Argentina :
Edukit,
c1988.
|
| Materias: | |
| Etiquetas: |
Agregar Etiqueta
Sin Etiquetas, Sea el primero en etiquetar este registro!
|
| LEADER | 00934nrm a22001695g 4500 | ||
|---|---|---|---|
| 001 | CEM.cems019157 | ||
| 008 | 130507s1988##################0###0#####d | ||
| 005 | 20220829183241.0 | ||
| 003 | CEMS | ||
| 245 | 0 | 0 | |a Pictionary [juego] : |b el juego en el que todos dibujan / |c Pictionary |
| 260 | |a Argentina : |b Edukit, |c c1988. | ||
| 300 | |a 1 juego (1 tablero, 1 reloj de un minuto, 1 dado, 4 fichas, 4 tarjetas de categoría, 4 blocks de papel, 4 lápices y goma de borrar, 500 tarjetas) ; en caja 47 x 17 x 8 cm. + manual de instrucciones. | ||
| 500 | |a Para 3 a 16 jugadores a partir de 14 años objetivo: identificar a través de rápidos y sencillos dibujos el mayor número de palabras, para poder llegar a la casilla """"llegada"""".no está permitido utilizar letras o números. | ||
| 082 | 0 | 4 | |a J793.24 |
| 653 | |a 1. juegos de entretenimiento general | ||
| 653 | |a 2. juegos para dibujar | ||
| 859 | |a CEMS |b BIB. CEMS - Ludoteca |h J793.24 |i Ed84 |p 055.92 |t Ej.1 | ||
